[Event "World Women-ch k.o."]
[Site "Nalchik"]
[Date "2008.09.04"]
[Round "3.2"]
[White "Kosintseva, Tatiana"]
[Black "Kosteniuk, Alexandra"]
[Result "0-1"]
[WhiteElo "2511"]
[BlackElo "2510"]
[PlyCount "94"]
[EventDate "2008.08.29"]
[EventType "k.o."]
[EventRounds "6"]
[EventCountry "RUS"]
[SourceTitle "CBM 126 Extra"]
[Source "ChessBase"]
[SourceDate "2008.11.05"]
[SourceVersion "1"]
[SourceVersionDate "2008.11.05"]
[SourceQuality "1"]

1. e4 e5 2. Nf3 Nc6 3. Bb5 a6 4. Ba4 Nf6 5. O-O Be7 6. d3 b5 7. Bb3 O-O 8. a4
Bb7 9. Re1 Re8 10. Nbd2 Bf8 11. Nf1 Na5 12. Ba2 d5 13. Ng3 h6 14. Bd2 b4 15.
exd5 Bxd5 16. Bxd5 Qxd5 17. b3 Rad8 18. Be3 Ng4 19. Nd2 Nxe3 20. fxe3 Qe6 21.
Qf3 g6 22. e4 Qc6 23. Rf1 Rd7 24. Qg4 Re6 25. Nc4 Nxc4 26. dxc4 Rd2 27. Rf3 Rf6
28. Raf1 Rxf3 29. Qxf3 Qd7 30. h3 Rxc2 31. Rd1 Bc5+ 32. Kh2 Rd2 33. Rxd2 Qxd2
34. Ne2 Be3 35. h4 h5 36. g3 Qd3 37. g4 Qxb3 38. Kg2 hxg4 39. Qxg4 Qxc4 40. h5
Kg7 41. Ng3 Qc2+ 42. Kh3 Bf4 43. hxg6 Qd3 44. gxf7+ Kxf7 45. Qh5+ Ke7 46. Qh4+
Kd7 47. Qg4+ Kc6 0-1

[Event "World Women-ch k.o."]
[Site "Nalchik"]
[Date "2008.09.07"]
[Round "4.1"]
[White "Kosteniuk, Alexandra"]
[Black "Ushenina, Anna"]
[Result "1/2-1/2"]
[WhiteElo "2510"]
[BlackElo "2476"]
[PlyCount "134"]
[EventDate "2008.08.29"]
[EventType "k.o."]
[EventRounds "6"]
[EventCountry "RUS"]
[SourceTitle "CBM 126 Extra"]
[Source "ChessBase"]
[SourceDate "2008.11.05"]
[SourceVersion "1"]
[SourceVersionDate "2008.11.05"]
[SourceQuality "1"]

1. e4 c6 2. d4 d5 3. e5 Bf5 4. Nf3 e6 5. Be2 c5 6. Be3 cxd4 7. Nxd4 Ne7 8. c4
Nbc6 9. Qa4 a6 10. Nc3 dxc4 11. O-O-O Qa5 12. Nxf5 Nxf5 13. Qxa5 Nxa5 14. Bb6
Nc6 15. f4 Rc8 16. g4 Nh4 17. Bxc4 Be7 18. Bb3 g5 19. f5 Nxe5 20. fxe6 fxe6 21.
Bd4 Nhf3 22. Bxe6 Rd8 23. Bd5 Nxd4 24. Rxd4 h5 25. gxh5 Rxh5 26. Re1 g4 27. Re2
Kf8 28. Kc2 b5 29. Rf4+ Kg7 30. Bb7 Rdh8 31. Kb1 R8h6 32. Nd5 Bd6 33. Ne3 Kh8
34. Nxg4 Rh4 35. h3 Nxg4 36. Rxg4 Rxg4 37. hxg4 a5 38. Re8+ Kg7 39. Ra8 Bc7 40.
Bd5 Kf6 41. Rg8 Rg6 42. Rf8+ Ke5 43. Bf3 Rf6 44. Re8+ Kf4 45. Be2 b4 46. b3 Be5
47. Kc2 Rc6+ 48. Kd3 Rd6+ 49. Kc2 Rc6+ 50. Kd3 Rd6+ 51. Kc4 Rd2 52. Bd3 Bf6 53.
Rf8 Kg5 54. Rg8+ Kf4 55. Rf8 Kg5 56. Rg8+ Kf4 57. Bb1 Rb2 58. Bf5 Rxa2 59. Ra8
Ra1 60. Kd5 Re1 61. Be6 Be7 62. Bf5 Re3 63. Re8 Bf6 64. Rf8 Kg5 65. Rg8+ Kf4
66. Rf8 Kg5 67. Rg8+ Kf4 1/2-1/2

[Event "World Women-ch k.o."]
[Site "Nalchik"]
[Date "2008.09.10"]
[Round "5.1"]
[White "Kosteniuk, Alexandra"]
[Black "Cramling, Pia"]
[Result "1-0"]
[WhiteElo "2510"]
[BlackElo "2544"]
[PlyCount "71"]
[EventDate "2008.08.29"]
[EventType "k.o."]
[EventRounds "6"]
[EventCountry "RUS"]
[SourceTitle "CBM 126 Extra"]
[Source "ChessBase"]
[SourceDate "2008.11.05"]
[SourceVersion "1"]
[SourceVersionDate "2008.11.05"]
[SourceQuality "1"]

1. e4 e6 2. d4 d5 3. Nc3 Nc6 4. Nf3 Nf6 5. e5 Ne4 6. Bd3 Bb4 7. Bd2 Nxd2 8.
Qxd2 f6 9. a3 Bxc3 10. Qxc3 fxe5 11. dxe5 Qe7 12. h4 Bd7 13. b4 a6 14. h5 O-O-O
15. Qd2 Kb8 16. c3 Rdf8 17. Qe3 Na7 18. a4 c5 19. bxc5 Rc8 20. Rb1 Qxc5 21.
Qxc5 Rxc5 22. Bxa6 Rc7 23. Kd2 Bxa4 24. Rb4 Bd7 25. Rhb1 Bc8 26. Nd4 Re8 27. f4
Ree7 28. Rb6 h6 29. g3 Re8 30. Rd6 Ree7 31. Bf1 Bd7 32. Bh3 Nc8 33. Bxe6 Nxd6
34. exd6 Bxe6 35. dxe7 Bd7 36. Nf5 1-0

[Event "World Women-ch k.o."]
[Site "Nalchik"]
[Date "2008.09.14"]
[Round "6.1"]
[White "Hou, Yifan"]
[Black "Kosteniuk, Alexandra"]
[Result "0-1"]
[WhiteElo "2557"]
[BlackElo "2510"]
[PlyCount "96"]
[EventDate "2008.08.29"]
[EventType "k.o."]
[EventRounds "6"]
[EventCountry "RUS"]
[SourceTitle "CBM 126 Extra"]
[Source "ChessBase"]
[SourceDate "2008.11.05"]
[SourceVersion "1"]
[SourceVersionDate "2008.11.05"]
[SourceQuality "1"]

1. e4 e5 2. Nf3 Nc6 3. Bb5 a6 4. Ba4 Nf6 5. O-O Be7 6. Re1 b5 7. Bb3 O-O 8. a3
d6 9. c3 Bg4 10. d3 Na5 11. Bc2 c5 12. h3 Bd7 13. d4 Qc7 14. d5 c4 15. Nbd2 Nb7
16. Nf1 Nc5 17. g4 h5 18. N3h2 hxg4 19. hxg4 Qc8 20. f3 Nh7 21. Ng3 Bg5 22. Nf5
Qd8 23. Kg2 g6 24. Ng3 Kg7 25. Rh1 Rh8 26. Nhf1 Qf6 27. Be3 Bxe3 28. Nxe3 Ng5
29. Qe2 Rag8 30. Raf1 Qf4 31. Rxh8 Rxh8 32. Rh1 Rxh1 33. Nxh1 Nd3 34. Bxd3 cxd3
35. Qf2 d2 36. Ng3 Nxf3 37. Qxf3 Bxg4 38. Qf2 d1=Q 39. Nxd1 Bxd1 40. Qe1 Bf3+
41. Kg1 f5 42. exf5 gxf5 43. Qf2 Kg6 44. b3 e4 45. c4 bxc4 46. bxc4 Qg5 47. c5
f4 48. cxd6 fxg3 0-1

[Event "World Women-ch k.o."]
[Site "Nalchik"]
[Date "2008.09.16"]
[Round "6.3"]
[White "Hou, Yifan"]
[Black "Kosteniuk, Alexandra"]
[Result "1/2-1/2"]
[WhiteElo "2557"]
[BlackElo "2510"]
[PlyCount "143"]
[EventDate "2008.08.29"]
[EventType "k.o."]
[EventRounds "6"]
[EventCountry "RUS"]
[SourceTitle "CBM 126 Extra"]
[Source "ChessBase"]
[SourceDate "2008.11.05"]
[SourceVersion "1"]
[SourceVersionDate "2008.11.05"]
[SourceQuality "1"]

1. e4 e5 2. Nf3 Nc6 3. Bb5 a6 4. Ba4 Nf6 5. O-O Be7 6. Re1 b5 7. Bb3 O-O 8. h3
Bb7 9. d3 d5 10. exd5 Nxd5 11. Nxe5 Nd4 12. Nd2 Re8 13. c3 Nxb3 14. Nxb3 c5 15.
Qh5 g6 16. Qf3 f6 17. Nxg6 hxg6 18. c4 Qd7 19. cxd5 Bxd5 20. Qg3 g5 21. Be3
Rac8 22. Qg4 Qxg4 23. hxg4 Bd6 24. Rec1 Kf7 25. Nd2 Be5 26. Rc2 Be6 27. Ne4 c4
28. dxc4 Rxc4 29. Rxc4 bxc4 30. Rd1 Rb8 31. b3 cxb3 32. axb3 Rxb3 33. Bd4 Bxg4
34. f3 Bxd4+ 35. Rxd4 Be6 36. Rd6 a5 37. Nc5 Rb1+ 38. Kf2 Bf5 39. Ra6 Rb5 40.
Ne4 Bxe4 41. fxe4 Rb2+ 42. Kf3 Ra2 43. Kg3 a4 44. Kf3 a3 45. Kg3 Ra1 46. Kh2 a2
47. Kg3 Ke7 48. Kh2 Kd7 49. Kg3 Kc7 50. Kh2 Kb7 51. Ra3 Kb6 52. Ra8 Kb5 53.
Rb8+ Kc4 54. Ra8 Kd4 55. Ra4+ Kd3 56. Kg3 Ke3 57. Kh2 Kf4 58. e5+ Kxe5 59. g4
Kd5 60. Kg2 Kc5 61. Ra8 Kb4 62. Ra6 Kc4 63. Ra3 Kd4 64. Ra6 Ke5 65. Ra4 Ke6 66.
Ra8 Ke5 67. Ra4 Re1 68. Rxa2 Kf4 69. Rf2+ Kxg4 70. Rxf6 Re2+ 71. Kg1 Kg3 72.
Rf1 1/2-1/2

[Event "WMSG Blitz 1st (Women)"]
[Site "Beijing"]
[Date "2008.10.04"]
[Round "1"]
[White "Dworakowska, Joanna"]
[Black "Kosteniuk, Alexandra"]
[Result "0-1"]
[WhiteElo "2363"]
[BlackElo "2525"]
[PlyCount "55"]
[EventDate "2008.10.04"]
[EventType "swiss (blitz)"]
[EventRounds "11"]
[EventCountry "CHN"]
[SourceTitle "CBM 126 Extra"]
[Source "ChessBase"]
[SourceDate "2008.11.05"]
[SourceVersion "1"]
[SourceVersionDate "2008.11.05"]
[SourceQuality "1"]

1. e4 e5 2. Nf3 Nc6 3. Bb5 a6 4. Ba4 Nf6 5. O-O Be7 6. Re1 b5 7. Bb3 O-O 8. h3
Bb7 9. Nc3 d6 10. a3 h6 11. Nd5 Na5 12. Ba2 Nxd5 13. exd5 Nc4 14. d3 Nb6 15. c4
c6 16. dxc6 Bxc6 17. c5 dxc5 18. Nxe5 Bd5 19. Qg4 Bg5 20. Bxd5 Nxd5 21. h4 Bxc1
22. Raxc1 Nf6 23. Qf3 Qd6 24. b4 cxb4 25. axb4 Rac8 26. Rxc8 Rxc8 27. Qe3 Re8
28. f4 0-1

[Event "WMSG Blitz 1st (Women)"]
[Site "Beijing"]
[Date "2008.10.04"]
[Round "2"]
[White "Kosteniuk, Alexandra"]
[Black "Socko, Monika"]
[Result "1-0"]
[WhiteElo "2525"]
[BlackElo "2434"]
[PlyCount "76"]
[EventDate "2008.10.04"]
[EventType "swiss (blitz)"]
[EventRounds "11"]
[EventCountry "CHN"]
[SourceTitle "CBM 126 Extra"]
[Source "ChessBase"]
[SourceDate "2008.11.05"]
[SourceVersion "1"]
[SourceVersionDate "2008.11.05"]
[SourceQuality "1"]

1. e4 e5 2. Nf3 Nf6 3. d4 Nxe4 4. Bd3 d5 5. dxe5 Be7 6. O-O O-O 7. c4 Nc5 8.
cxd5 Nxd3 9. Qxd3 Bg4 10. Nc3 Nd7 11. Bf4 Re8 12. Rfe1 Bh5 13. Nd4 Bg6 14. Qg3
Nb6 15. d6 cxd6 16. exd6 Bf6 17. Ndb5 Qd7 18. Nc7 Rxe1+ 19. Rxe1 Rc8 20. Be5
Bd8 21. b3 a6 22. h3 Na8 23. Bf4 Nxc7 24. dxc7 Bf6 25. Na4 Bd4 26. Be3 b5 27.
Nb6 f6 28. Qf3 Bf7 29. Rd1 Qe6 30. Qh5 Be8 31. Qc5 Kf7 32. h4 Kg6 33. g4 f5 34.
Bh6 gxh6 35. Qc2 Bd7 36. Qd3 Rxc7 37. gxf5+ Qxf5 38. Qxf5+ Bxf5 1-0

[Event "WMSG Blitz 1st (Women)"]
[Site "Beijing"]
[Date "2008.10.04"]
[Round "3"]
[White "Krush, Irina"]
[Black "Kosteniuk, Alexandra"]
[Result "1/2-1/2"]
[WhiteElo "2452"]
[BlackElo "2525"]
[PlyCount "73"]
[EventDate "2008.10.04"]
[EventType "swiss (blitz)"]
[EventRounds "11"]
[EventCountry "CHN"]
[SourceTitle "CBM 126 Extra"]
[Source "ChessBase"]
[SourceDate "2008.11.05"]
[SourceVersion "1"]
[SourceVersionDate "2008.11.05"]
[SourceQuality "1"]

1. d4 Nf6 2. c4 e6 3. Nc3 Bb4 4. e3 d5 5. Nf3 O-O 6. Bd3 c5 7. O-O dxc4 8. Bxc4
Nbd7 9. Qb3 a6 10. a4 Qc7 11. Rd1 b6 12. d5 exd5 13. Nxd5 Nxd5 14. Bxd5 Bb7 15.
e4 Bxd5 16. Qxd5 Rad8 17. Bg5 Nf6 18. Qf5 Rxd1+ 19. Rxd1 Qc6 20. e5 Ne4 21. Be3
h6 22. Kf1 Re8 23. Ke2 Kf8 24. Rd7 Re7 25. Rd8+ Re8 26. Rd7 f6 27. exf6 Nxf6
28. Rd6 b5 29. axb5 axb5 30. Kf1 Ra8 31. b3 Ra3 32. g3 Ra1+ 33. Kg2 Rb1 34. Kh3
Rb2 35. Rxc6 Kf7 36. Ra6 Rxf2 37. Ra1 1/2-1/2

[Event "WMSG Blitz 1st (Women)"]
[Site "Beijing"]
[Date "2008.10.04"]
[Round "4"]
[White "Kosteniuk, Alexandra"]
[Black "Sachdev, Tania"]
[Result "1-0"]
[WhiteElo "2525"]
[BlackElo "2425"]
[PlyCount "61"]
[EventDate "2008.10.04"]
[EventType "swiss (blitz)"]
[EventRounds "11"]
[EventCountry "CHN"]
[SourceTitle "CBM 126 Extra"]
[Source "ChessBase"]
[SourceDate "2008.11.05"]
[SourceVersion "1"]
[SourceVersionDate "2008.11.05"]
[SourceQuality "1"]

1. e4 c5 2. Nf3 e6 3. d4 cxd4 4. Nxd4 a6 5. Nc3 Qc7 6. Bd3 Nf6 7. f4 d6 8. Qf3
Be7 9. g4 Nc6 10. Nb3 b5 11. Be3 Bb7 12. g5 Nd7 13. O-O-O Nb4 14. Kb1 d5 15. h4
Rc8 16. Rc1 Qb8 17. h5 Qa8 18. Nd2 Nc5 19. Bxc5 Rxc5 20. g6 f5 21. exf5 d4 22.
Be4 dxc3 23. Bxb7 Qd8 24. Ne4 cxb2 25. Rcd1 Qa5 26. a3 Nxc2 27. Nxc5 Nxa3+ 28.
Kxb2 Nc4+ 29. Kb1 Na3+ 30. Kc1 Bxc5 31. Qc6+ 1-0

[Event "WMSG Blitz 1st (Women)"]
[Site "Beijing"]
[Date "2008.10.04"]
[Round "6"]
[White "Hou, Yifan"]
[Black "Kosteniuk, Alexandra"]
[Result "1-0"]
[WhiteElo "2578"]
[BlackElo "2525"]
[PlyCount "177"]
[EventDate "2008.10.04"]
[EventType "swiss (blitz)"]
[EventRounds "11"]
[EventCountry "CHN"]
[SourceTitle "CBM 126 Extra"]
[Source "ChessBase"]
[SourceDate "2008.11.05"]
[SourceVersion "1"]
[SourceVersionDate "2008.11.05"]
[SourceQuality "1"]

1. e4 e5 2. Bc4 Nc6 3. Nf3 Bc5 4. c3 Nf6 5. d3 O-O 6. O-O a6 7. Bb3 d5 8. Nbd2
Re8 9. h3 h6 10. Re1 Be6 11. Bc2 dxe4 12. dxe4 Qe7 13. Qe2 Rad8 14. Nf1 Bb6 15.
Ng3 Qc5 16. Nh4 Ne7 17. Qf3 Nh7 18. Nhf5 Nxf5 19. Nxf5 Bxf5 20. Qxf5 Qe7 21.
Qf3 Rd6 22. Be3 Ng5 23. Qe2 Ne6 24. Bb3 Nf4 25. Bxf4 exf4 26. Rad1 Red8 27.
Rxd6 Rxd6 28. Rd1 Rxd1+ 29. Bxd1 Qc5 30. Bb3 g6 31. Qf3 g5 32. g3 Qe5 33. Qh5
Qf6 34. e5 Qg7 35. e6 fxe6 36. Qe8+ Qf8 37. Qg6+ Kh8 38. gxf4 gxf4 39. Qxe6 f3
40. Kf1 Kg7 41. Qg4+ Kh8 42. Qe6 Kg7 43. Bc2 Qd6 44. Qg4+ Kf8 45. Qxf3+ Ke7 46.
Qe4+ Qe6 47. Qh7+ Kd6 48. Qd3+ Qd5 49. Qg3+ Qe5 50. Qg6+ Qe6 51. Qd3+ Qd5 52.
Qg3+ Qe5 53. Qf3 Qd5 54. Qf6+ Qe6 55. Qf4+ Ke7 56. Qh4+ Qf6 57. Qe4+ Qe6 58.
Qh4+ Qf6 59. Qe4+ Qe6 60. Qf3 Qf6 61. Qe4+ Qe6 62. Qf3 Qf6 63. Qxf6+ Kxf6 64.
Be4 c6 65. Ke2 Ke5 66. f3 Kf4 67. h4 Kg3 68. h5 Kf4 69. Kd3 Bc5 70. Kc4 Be3 71.
Kd3 a5 72. a4 Bc5 73. Kc4 Be3 74. b4 Bb6 75. b5 cxb5+ 76. Kxb5 Bc7 77. Bxb7 Kg5
78. c4 Kxh5 79. c5 Kg5 80. Kc6 Bf4 81. Bc8 Be3 82. Kd6 Bf4+ 83. Kd7 h5 84. c6
h4 85. Kd8 Be3 86. c7 Bb6 87. Be6 Kf6 88. Bh3 Ke5 89. Kd7 1-0

[Event "WMSG Blitz 1st (Women)"]
[Site "Beijing"]
[Date "2008.10.04"]
[Round "8"]
[White "Kosteniuk, Alexandra"]
[Black "Ju, Wenjun"]
[Result "1-0"]
[WhiteElo "2525"]
[BlackElo "2397"]
[PlyCount "55"]
[EventDate "2008.10.04"]
[EventType "swiss (blitz)"]
[EventRounds "11"]
[EventCountry "CHN"]
[SourceTitle "CBM 126 Extra"]
[Source "ChessBase"]
[SourceDate "2008.11.05"]
[SourceVersion "1"]
[SourceVersionDate "2008.11.05"]
[SourceQuality "1"]

1. e4 c5 2. Nf3 d6 3. d4 cxd4 4. Nxd4 Nf6 5. Nc3 a6 6. Bg5 e6 7. f4 Qb6 8. a3
Nc6 9. Nb3 Bd7 10. Qf3 Be7 11. O-O-O O-O-O 12. Bh4 Na5 13. Nd4 Nc6 14. Bf2 Nxd4
15. Rxd4 Qc7 16. Rb4 d5 17. Bb6 Qc6 18. exd5 exd5 19. Bxd8 Rxd8 20. Rd4 Bg4 21.
Qg3 Bc5 22. Rd3 d4 23. Nd1 Bf5 24. Qxg7 Bxd3 25. Bxd3 Rg8 26. Qxf7 Rxg2 27. Re1
Nd7 28. Be4 1-0

[Event "WMSG Blitz 1st (Women)"]
[Site "Beijing"]
[Date "2008.10.04"]
[Round "10"]
[White "Zhao, Xue"]
[Black "Kosteniuk, Alexandra"]
[Result "1-0"]
[WhiteElo "2518"]
[BlackElo "2525"]
[PlyCount "116"]
[EventDate "2008.10.04"]
[EventType "swiss (blitz)"]
[EventRounds "11"]
[EventCountry "CHN"]
[SourceTitle "CBM 126 Extra"]
[Source "ChessBase"]
[SourceDate "2008.11.05"]
[SourceVersion "1"]
[SourceVersionDate "2008.11.05"]
[SourceQuality "1"]

1. d4 Nf6 2. c4 e6 3. Nf3 d5 4. e3 Be7 5. Bd3 O-O 6. O-O b6 7. b3 Bb7 8. Bb2 c5
9. Nbd2 Nc6 10. Qe2 dxc4 11. bxc4 Qc7 12. Rac1 Rad8 13. Bb1 Rfe8 14. Rfd1 h6
15. Nb3 a5 16. dxc5 bxc5 17. Nbd2 a4 18. Ne4 Nxe4 19. Bxe4 Nb4 20. Bb1 Bd6 21.
h3 Qc6 22. a3 Na6 23. Qc2 f5 24. Qc3 Bf8 25. Bc2 Nc7 26. Qe5 Na8 27. Bc3 Nb6
28. Ba5 Nxc4 29. Qc3 Nxa5 30. Qxa5 Ra8 31. Qc3 Be7 32. Qe5 Bf6 33. Qf4 g5 34.
Qc4 Kg7 35. Rd2 Re7 36. Rcd1 Ba6 37. Bxa4 Bxc4 38. Bxc6 Rxa3 39. Rc1 Ba6 40.
Rxc5 Ra1+ 41. Kh2 Bb7 42. Bxb7 Rxb7 43. Rdc2 Re7 44. Rc7 Ra7 45. Rxe7+ Rxe7 46.
Rc6 e5 47. g4 e4 48. Nd2 Be5+ 49. Kg2 fxg4 50. hxg4 Bf6 51. Rc4 Rf7 52. Nxe4
Be5 53. Rc5 Bb8 54. Rb5 Ba7 55. Nd6 Rd7 56. Nf5+ Kg6 57. Ra5 Kh7 58. Ra6 Bb8
1-0

[Event "WMSG Blitz 1st (Women)"]
[Site "Beijing"]
[Date "2008.10.04"]
[Round "11"]
[White "Kosteniuk, Alexandra"]
[Black "Li, Ruofan"]
[Result "1-0"]
[WhiteElo "2525"]
[BlackElo "2426"]
[PlyCount "155"]
[EventDate "2008.10.04"]
[EventType "swiss (blitz)"]
[EventRounds "11"]
[EventCountry "CHN"]
[SourceTitle "CBM 126 Extra"]
[Source "ChessBase"]
[SourceDate "2008.11.05"]
[SourceVersion "1"]
[SourceVersionDate "2008.11.05"]
[SourceQuality "1"]

1. e4 c5 2. Nf3 e6 3. d4 cxd4 4. Nxd4 a6 5. Nc3 Qc7 6. Bd3 Bc5 7. Nb3 Be7 8. f4
d6 9. Qf3 Nf6 10. g4 b5 11. g5 Nfd7 12. a3 Bb7 13. Be3 Nc5 14. f5 Nbd7 15. fxe6
fxe6 16. Nxc5 dxc5 17. Bf4 Qb6 18. Qh5+ g6 19. Qh3 c4 20. Be2 O-O 21. Be3 Bc5
22. Bxc5 Nxc5 23. O-O-O Rf7 24. Bg4 Re8 25. Rhe1 a5 26. Qe3 b4 27. Nb1 Bxe4 28.
Rd4 Bf5 29. Bxf5 Rxf5 30. Rxc4 bxa3 31. Nxa3 Rb8 32. b3 Qd6 33. Rd1 Qf8 34. Nb1
Rc8 35. h4 Rf3 36. Qe5 Qf5 37. Qxf5 Rxf5 38. Nc3 Re8 39. Na4 Nxa4 40. Rxa4 Rc5
41. Re1 e5 42. Kb2 Rec8 43. Re2 Kf7 44. Ra1 Ke6 45. Rf1 Rb5 46. Rf6+ Kd5 47.
Ra6 e4 48. Ra7 Re8 49. Rd7+ Kc6 50. Rxh7 Re6 51. Rf7 e3 52. Rf3 Rbe5 53. Kc3
Kd5 54. Kd3 Kc5 55. Rfxe3 Rxe3+ 56. Rxe3 Rd6+ 57. Kc3 Kb5 58. Re5+ Kb6 59. Kb2
Rc6 60. c4 a4 61. bxa4 Rxc4 62. Kb3 Rxh4 63. Re6+ Ka5 64. Rxg6 Rh3+ 65. Kc4
Kxa4 66. Kd5 Kb5 67. Ke5 Kc5 68. Rg8 Rh1 69. Rc8+ Kb6 70. g6 Kb7 71. Rc4 Rg1
72. Kf6 Rf1+ 73. Ke7 Rg1 74. Kf7 Rf1+ 75. Kg8 Kb6 76. g7 Kb5 77. Rh4 Rg1 78.
Kh7 1-0

[Event "WMSG Blitz KO 1st (Women)"]
[Site "Beijing"]
[Date "2008.10.05"]
[Round "1.1"]
[White "Kosteniuk, Alexandra"]
[Black "Zhao, Xue"]
[Result "1-0"]
[WhiteElo "2525"]
[BlackElo "2518"]
[PlyCount "89"]
[EventDate "2008.10.04"]
[EventType "k.o. (blitz)"]
[EventRounds "2"]
[EventCountry "CHN"]
[SourceTitle "CBM 126 Extra"]
[Source "ChessBase"]
[SourceDate "2008.11.05"]
[SourceVersion "1"]
[SourceVersionDate "2008.11.05"]
[SourceQuality "1"]

1. e4 e5 2. Nf3 Nc6 3. Bb5 a6 4. Ba4 Nf6 5. O-O Be7 6. Re1 b5 7. Bb3 d6 8. c3
O-O 9. h3 Bb7 10. d4 Re8 11. Nbd2 Bf8 12. d5 Nb8 13. Nf1 Nbd7 14. Ng3 Nc5 15.
Bc2 c6 16. b4 Ncd7 17. dxc6 Bxc6 18. Bb3 h6 19. Nh4 Nb6 20. Ng6 Rc8 21. Nxf8
Rxf8 22. Nf5 d5 23. Be3 Nc4 24. Bxc4 bxc4 25. exd5 Bxd5 26. Bc5 Rxc5 27. bxc5
Qc7 28. Qe2 Re8 29. Qe3 Qc6 30. Qg3 g6 31. Nxh6+ Kf8 32. Rxe5 Rc8 33. f3 Qxc5+
34. Qf2 Qd6 35. Rae1 Nd7 36. R5e2 Kg7 37. Ng4 Be6 38. Rd2 Qc5 39. Qxc5 Nxc5 40.
Ne5 Na4 41. Re3 Rb8 42. Nc6 Rb1+ 43. Kf2 Rc1 44. Nd4 Bd7 45. Ne2 1-0

[Event "WMSG Blitz KO 1st (Women)"]
[Site "Beijing"]
[Date "2008.10.05"]
[Round "1.2"]
[White "Zhao, Xue"]
[Black "Kosteniuk, Alexandra"]
[Result "0-1"]
[WhiteElo "2518"]
[BlackElo "2525"]
[PlyCount "96"]
[EventDate "2008.10.04"]
[EventType "k.o. (blitz)"]
[EventRounds "2"]
[EventCountry "CHN"]
[SourceTitle "CBM 126 Extra"]
[Source "ChessBase"]
[SourceDate "2008.11.05"]
[SourceVersion "1"]
[SourceVersionDate "2008.11.05"]
[SourceQuality "1"]

1. d4 Nf6 2. c4 e6 3. Nf3 d5 4. Bg5 h6 5. Bxf6 Qxf6 6. Nc3 c6 7. e3 g6 8. Qc2
Bg7 9. cxd5 exd5 10. Nxd5 Qd8 11. Nc3 O-O 12. Rd1 Bf5 13. Bd3 Bg4 14. Be2 Nd7
15. h3 Be6 16. O-O Qa5 17. Rb1 Rac8 18. b4 Qc7 19. Rbc1 Nb6 20. Rfd1 Rfd8 21.
a3 Qe7 22. Na4 Nxa4 23. Qxa4 a6 24. Qc2 Bd5 25. Ne1 h5 26. Bc4 Be4 27. Bd3 Bd5
28. Bc4 Be4 29. Bd3 Bd5 30. Be2 Qg5 31. Bc4 Be6 32. Bxe6 fxe6 33. Nf3 Qf5 34.
Qb3 Rf8 35. Rc5 Qf6 36. Rd2 Rce8 37. Ne5 Re7 38. a4 Kh7 39. b5 axb5 40. axb5
cxb5 41. Rxb5 Qf5 42. Rxb7 Rxb7 43. Qxb7 Kh6 44. Nf3 g5 45. Qc6 g4 46. hxg4
hxg4 47. Nh2 g3 48. fxg3 Qb1+ 0-1

[Event "WMSG Rapid 1st (Women)"]
[Site "Beijing"]
[Date "2008.10.05"]
[Round "2"]
[White "Kosteniuk, Alexandra"]
[Black "Houska, Jovanka"]
[Result "1-0"]
[WhiteElo "2525"]
[BlackElo "2399"]
[PlyCount "57"]
[EventDate "2008.10.05"]
[EventType "swiss (rapid)"]
[EventRounds "9"]
[EventCountry "CHN"]
[SourceTitle "CBM 126 Extra"]
[Source "ChessBase"]
[SourceDate "2008.11.05"]
[SourceVersion "1"]
[SourceVersionDate "2008.11.05"]
[SourceQuality "1"]

1. e4 c6 2. d4 d5 3. e5 Bf5 4. Nf3 e6 5. Be2 Nd7 6. O-O Ne7 7. Nh4 Bg6 8. Nd2
c5 9. c3 Nc6 10. Nxg6 hxg6 11. Nf3 Qb6 12. a3 a5 13. Qa4 Be7 14. b4 cxd4 15.
cxd4 Nxd4 16. Nxd4 Qxd4 17. Be3 Qxe5 18. g3 d4 19. Rad1 dxe3 20. Qxd7+ Kf8 21.
Qxb7 Rb8 22. Qa7 axb4 23. f4 Bc5 24. Qa5 Qf5 25. Rd8+ Ke7 26. Qc7+ Kf6 27. Rxb8
Rxb8 28. Qxb8 Qc2 29. Qd8+ 1-0

[Event "WMSG Rapid 1st (Women)"]
[Site "Beijing"]
[Date "2008.10.05"]
[Round "3"]
[White "Peng, Zhaoqin"]
[Black "Kosteniuk, Alexandra"]
[Result "0-1"]
[WhiteElo "2455"]
[BlackElo "2525"]
[PlyCount "78"]
[EventDate "2008.10.05"]
[EventType "swiss (rapid)"]
[EventRounds "9"]
[EventCountry "CHN"]
[SourceTitle "CBM 126 Extra"]
[Source "ChessBase"]
[SourceDate "2008.11.05"]
[SourceVersion "1"]
[SourceVersionDate "2008.11.05"]
[SourceQuality "1"]

1. d4 Nf6 2. c4 e6 3. Nc3 Bb4 4. e3 O-O 5. Bd3 d5 6. a3 Bxc3+ 7. bxc3 c5 8.
cxd5 exd5 9. Nf3 Qc7 10. Qc2 c4 11. Bf5 Nc6 12. O-O Re8 13. Ng5 h6 14. Nh3 Bxf5
15. Qxf5 Ne4 16. Qxd5 Na5 17. Bb2 Qb6 18. a4 Nb3 19. a5 Qa6 20. Ra3 Rad8 21.
Qh5 Qd6 22. Ra4 Qc6 23. Ra2 Rd5 24. Qe2 Rxa5 25. Rxa5 Nxa5 26. f3 Nf6 27. e4
Nb3 28. Nf4 b5 29. Qf2 a5 30. Qg3 b4 31. e5 Nd5 32. Nh5 Qg6 33. Qh3 bxc3 34.
Bc1 Nxd4 35. f4 Ne2+ 36. Kh1 Nxc1 37. Rxc1 Rb8 38. f5 Qg5 39. Rf1 c2 0-1

[Event "WMSG Rapid 1st (Women)"]
[Site "Beijing"]
[Date "2008.10.07"]
[Round "9"]
[White "Kosteniuk, Alexandra"]
[Black "Huang, Qian"]
[Result "0-1"]
[WhiteElo "2525"]
[BlackElo "2430"]
[PlyCount "134"]
[EventDate "2008.10.05"]
[EventType "swiss (rapid)"]
[EventRounds "9"]
[EventCountry "CHN"]
[SourceTitle "CBM 126 Extra"]
[Source "ChessBase"]
[SourceDate "2008.11.05"]
[SourceVersion "1"]
[SourceVersionDate "2008.11.05"]
[SourceQuality "1"]

1. e4 e6 2. d4 d5 3. Nc3 Nf6 4. Bg5 dxe4 5. Nxe4 Be7 6. Bxf6 gxf6 7. Nf3 a6 8.
g3 b5 9. Bg2 Bb7 10. Qe2 Nd7 11. O-O-O O-O 12. h4 Bd5 13. Qe3 Kh8 14. Kb1 Rg8
15. Nc3 c6 16. Nxd5 cxd5 17. Bf1 f5 18. Bd3 Bf6 19. Rdg1 Rg7 20. Ng5 Bxg5 21.
hxg5 Qxg5 22. f4 Qf6 23. Rh5 Qd8 24. Rg5 Nf6 25. Qe5 Kg8 26. Rxg7+ Kxg7 27. g4
fxg4 28. f5 exf5 29. Qxf5 Qe7 30. Rf1 h6 31. Rh1 Rh8 32. a4 bxa4 33. Ka2 a5 34.
Rf1 Rb8 35. Qf4 Rh8 36. Qg3 a3 37. bxa3 Re8 38. Qf4 Rh8 39. Bf5 Qe2 40. Bd3 Qe7
41. Rf2 Rc8 42. Rh2 Rh8 43. Rf2 Rc8 44. Rh2 Rh8 45. Re2 Qb7 46. Rf2 Qb6 47. a4
Rb8 48. Bb5 Rh8 49. Re2 Rc8 50. Qf5 Rd8 51. Qf4 Qd6 52. Re5 Qb6 53. Re2 Qd6 54.
Re5 Qb6 55. Re2 Qd6 56. Re5 Qb6 57. c3 Rc8 58. Re3 Rd8 59. Re2 Qd6 60. Qf5 Qg3
61. Rf2 Rd6 62. Bd3 Qe3 63. Rg2 Qg5 64. Qc8 Re6 65. Be2 h5 66. c4 Qd2+ 67. Ka1
Rxe2 0-1

[Event "WMSG Blitz Team 1st (Women)"]
[Site "Beijing"]
[Date "2008.10.13"]
[Round "2"]
[White "Reizniece Ozola, Dana"]
[Black "Kosteniuk, Alexandra"]
[Result "1/2-1/2"]
[WhiteElo "2335"]
[BlackElo "2525"]
[PlyCount "92"]
[EventDate "2008.10.13"]
[EventType "team (blitz)"]
[EventRounds "11"]
[EventCountry "CHN"]
[SourceTitle "CBM 126 Extra"]
[Source "ChessBase"]
[SourceDate "2008.11.05"]
[SourceVersion "1"]
[SourceVersionDate "2008.11.05"]
[SourceQuality "1"]

1. c4 e5 2. Nc3 Nf6 3. g3 d5 4. cxd5 Nxd5 5. Bg2 Nb6 6. Nf3 Nc6 7. O-O Be7 8.
Rb1 a5 9. d3 O-O 10. Bd2 Bg4 11. a3 Kh8 12. h3 Be6 13. b4 axb4 14. axb4 f6 15.
Ne4 Bd5 16. Nc5 Qc8 17. Kh2 Nd4 18. e4 Nxf3+ 19. Bxf3 Be6 20. Nxe6 Qxe6 21. Qc2
Ra2 22. Rb2 Rxb2 23. Qxb2 Rd8 24. Be2 Qd6 25. Rc1 Nd7 26. Be3 c6 27. Rc4 Qe6
28. d4 exd4 29. Bxd4 Nf8 30. Be3 Ng6 31. Rd4 Re8 32. Bg4 Qe5 33. f4 Qb5 34. Qd2
Nf8 35. Be2 Qa4 36. Bf3 Qa8 37. h4 Qc8 38. Bg2 h6 39. Bh3 Qc7 40. Bf5 Rd8 41.
Qd3 Rxd4 42. Bxd4 Ne6 43. Bc3 Qd8 44. Qc2 Nd4 45. Qb2 Nb5 46. Bd2 g6 1/2-1/2